[Event "1st Archibald 2019"]
[Site "Sochi"]
[Date "2019.05.17"]
[Round "7.7"]
[White "Gareyev, Timur"]
[Black "Gochelashvili, David"]
[Result "0-1"]
[WhiteElo "2570"]
[BlackElo "2392"]
[Annotator "TA"]
[PlyCount "66"]
[EventDate "2019.05.12"]
[EventType "swiss"]
[EventCountry "RUS"]
[SourceTitle "playchess.com"]
[Source "ChessBase"]
[SourceQuality "1"]

{[%evp 16,66,68,35,71,20,50,43,55,0,0,-9,0,0,0,0,0,0,0,0,0,-18,0,0,0,0,0,0,0,0,0,-203,0,-257,-250,-360,0,-572,-316,-288,-279,-279,-288,-297,-295,-265,-107,-79,0,-258,-272,-1674,-1597]} 1. d4 Nf6 2. c4 g6 3. Nc3 Bg7 4. e4 d6 5. f4 O-O 6. Nf3 Bg4 7. Be3 Nfd7 8. h3 Bxf3 9. Qxf3 e5 {E76: King's Indian: Four Pawns Attack: Lines specific to 6 Nf3 move-order} (9... c5 10. d5 Qb6 11. O-O-O Bxc3 12. bxc3 Qa5 13. Kb2 b5 14. h4 Nb6 15. Bd2 N8d7 16. Ka1 Rfb8 17. h5 Nxc4 18. hxg6 fxg6 {1-0 (27) Gretarsson,H (2459)-Forster,R (2468) Bermuda 1999}) 10. fxe5 ({Better is} 10. dxe5 $16 dxe5 11. O-O-O) 10... c5 $146 ({Predecessor:} 10... Nc6 11. Bd3 dxe5 12. d5 Nd4 13. Qf2 c5 14. g4 a6 15. h4 Nf6 16. Rg1 {1-0 (53) Pribyl,J-Rytov,B Tallinn 1973}) 11. dxc5 dxc5 {White is slightly better.} 12. Rd1 (12. O-O-O $14) 12... Qa5 13. Rd5 Nc6 14. Qd1 (14. Rxd7 $2 Nxe5 15. Qd1 Nxd7 $19) 14... Ncxe5 15. Be2 $1 Rac8 16. Rxd7 Nxd7 17. Qxd7 Rcd8 18. Qe7 {0-0 is the strong threat.} (18. Qxb7 $2 Rb8 $19) 18... Bxc3+ 19. bxc3 Qxc3+ 20. Kf2 f5 $1 {[%cal Rf5e4] Hoping for ...fxe4+.} 21. g3 fxe4+ 22. Bf4 {[#]} Rd2 $1 23. Qe6+ $2 (23. Rb1 $11 {and White has nothing to worry.}) 23... Rf7 $2 (23... Kh8 $19 {( -> ...Rxf4+!)} 24. Qxe4 g5 {[%mdl 64] Pin}) 24. Qg4 $2 {[%mdl 8192]} (24. h4 $11 {and White stays safe.}) 24... Kg7 $19 25. Re1 (25. Rf1 $142 Qd4+ 26. Ke1) 25... h5 $2 (25... Rxa2 26. Qg5 $17) ({Black should play} 25... Rf5 $1 $19 26. Kg1 h5) 26. Qe6 $2 {[%mdl 8192]} (26. Qg5 $1 $11 {and White is okay.} Rf6 27. Qxc5) 26... Rxf4+ (26... Qf3+ 27. Kg1 $11) 27. gxf4 Qf3+ $1 {[%mdl 64] Double Attack} 28. Kg1 Qg3+ {[%mdl 64] Double Attack} (28... Rxe2 29. Qe7+ Kg8 30. Qe8+ Kh7 31. Qe7+ Kh8 32. Qf8+ Kh7 33. Rxe2 $11) (28... Qxf4 29. Rf1 $11) 29. Kf1 Qxf4+ 30. Kg1 Qg3+ $40 {[%mdl 128] Black attacks with force.} (30... Rxa2 31. Rf1 $11) (30... Kh6 $1 $19 {and Black stays clearly on top. Threatens to win with ...e3.} 31. Qc8 Qg3+ 32. Kf1 Qf4+ 33. Kg1 Qg3+ 34. Kf1 Rd6 35. Qf8+ Kg5 36. h4+ Kxh4) 31. Kf1 $17 {[#]} Qf4+ $2 (31... Kh6 $1 $17 32. Qf6 Qxh3+ 33. Kg1 Qg3+ 34. Kf1 Rd6) 32. Kg1 $19 {[#]} Kh6 $1 {White must now prevent ...e3.} ({Not} 32... Rxa2 33. Rf1 $11) ({But not} 32... Qg3+ 33. Kf1 $17) 33. Kh1 $2 {[#]} (33. Qc8 Qg3+ 34. Kf1) 33... Rxe2 $1 {[%mdl 576] Remove Defender. Accuracy: White = 32%, Black = 53%.} 0-1

[Event "1st Archibald 2019"]
[Site "Sochi"]
[Date "2019.05.17"]
[Round "7.8"]
[White "Makoveev, Ilya"]
[Black "Bimiev, Ahmad"]
[Result "1-0"]
[WhiteElo "2290"]
[BlackElo "2196"]
[Annotator "NA RC"]
[PlyCount "65"]
[EventDate "2019.05.12"]
[EventType "swiss"]
[EventCountry "RUS"]
[SourceTitle "playchess.com"]
[Source "ChessBase"]
[SourceQuality "1"]
[TimeControl "5400+30"]

1. e4 {[%emt 0:00:00]} c5 {[%emt 0:00:30]} 2. Nf3 {[%emt 0:00:18]} Nc6 {[%emt 0:00:53]} 3. d4 {[%emt 0:00:32]} cxd4 {[%emt 0:00:06]} 4. Nxd4 {[%emt 0:00:09]} Nf6 {[%emt 0:00:10]} 5. Nc3 {[%emt 0:00:11]} e5 {[%emt 0:00:14]} 6. Ndb5 {[%emt 0:00:13]} d6 {[%emt 0:00:08]} 7. Bg5 {[%emt 0:00:19]} a6 {[%emt 0:00:07]} 8. Na3 {[%emt 0:00:13]} b5 {[%emt 0:00:14]} 9. Bxf6 {[%emt 0:00:23]} gxf6 {[%emt 0:01:34]} 10. Nd5 {[%emt 0:00:09]} Be7 {[%emt 0:01:22]} 11. g3 {[%emt 0:19:22] B33: Sicilian: Pelikan and Sveshnikov Variations} (11. Bd3 Rg8 12. O-O Bh3 13. Ne3 Be6 14. c4 bxc4 15. Bxc4 Nd4 16. b3 Rb8 17. Nac2 Nxc2 18. Qxc2 a5 19. Qd2 Kf8 20. Rac1 Rg7 21. Rc2 Qb6 22. Rd1 {1-0 (22) Schmidt,T (2597)-Blank,W (2500) ICCF email 2008}) 11... h5 {[%emt 0:08:25]} 12. Bg2 {[%emt 0:09:27]} Be6 {[%emt 0:05:44]} 13. c3 {[%emt 0:00:46]} h4 {[%emt 0:00:48]} 14. Nc2 {[%emt 0:00:44]} Bf8 $146 {[%emt 0:06:35]} ({Predecessor:} 14... Rc8 15. Nce3 Na5 16. b3 Nc6 17. O-O a5 18. a3 Rb8 {1-0 (38) Cowley,R (2064)-Lojanica,M (1946) Adelaide 2002}) 15. Nce3 {[%emt 0:07:20]} Ra7 {[%emt 0:00:55]} 16. a4 {[%emt 0:19:37]} b4 {[%emt 0:02:17]} 17. Qf3 {[%emt 0:11:39]} Bg7 {[%emt 0:05:12]} 18. Rd1 {[%emt 0:01:03]} ({Resist} 18. cxb4 $6 hxg3 19. fxg3 (19. Qxg3 Kf8 $14) 19... Rb7 $14) ({Don't play} 18. Nxb4 $6 Nxb4 19. cxb4 hxg3 $11) 18... hxg3 {[%emt 0:01:44]} 19. fxg3 {[%emt 0:02:03]} bxc3 {[%emt 0:00:17]} 20. bxc3 {[%emt 0:00:06]} Rh6 {[%emt 0:01:29]} 21. O-O {[%emt 0:09:37]} Qa5 {[%emt 0:11:34]} (21... Ne7 $16 {was necessary.} 22. c4 Qb8) 22. Ng4 {[%emt 0:05:58]} Rg6 {[%emt 0:03:21]} 23. Ngxf6+ {[%emt 0:00:38]} Kf8 {[%emt 0:00:27]} 24. Qh5 {[%emt 0:02:37]} Rh6 {[%emt 0:00:40]} 25. Qg5 {[%emt 0:00:49]} Rg6 {[%emt 0:00:21]} 26. Qh4 {[%emt 0:00:40]} Rh6 {[%emt 0:17:10]} 27. Nh5 {[%emt 0:00:11]} Qxa4 {[%emt 0:01:03]} 28. Qg5 $18 {[%emt 0:00:23]} Rh7 {[%emt 0:01:07]} 29. Qg6 {[%emt 0:03:18]} Qxd1 {[%emt 0:01:08]} 30. Qxh7 {[%emt 0:00:07]} Qg4 {[%emt 0:00:02]} 31. Bh3 {[%emt 0:00:33]} Qxh3 {[%emt 0:00:13]} 32. Qxg7+ {[%emt 0:00:01]} Ke8 {[%emt 0:00:05]} 33. Nhf6+ {[%emt 0:00:05]} 1-0

[Event "1st Archibald 2019"]
[Site "Sochi"]
[Date "2019.05.17"]
[Round "7.9"]
[White "Kovalenko, Igor"]
[Black "Korneev, Oleg"]
[Result "0-1"]
[WhiteElo "2663"]
[BlackElo "2530"]
[Annotator "TA"]
[PlyCount "94"]
[EventDate "2019.05.12"]
[EventType "swiss"]
[EventCountry "RUS"]
[SourceTitle "playchess.com"]
[Source "ChessBase"]
[SourceQuality "1"]

{[%evp 9,126,22,29,5,19,20,15,12,47,39,45,6,17,6,22,13,19,18,12,17,15,0,12,0,13,-24,83,-13,-21,-51,-57,-79,-40,-57,-34,-50,-59,-95,-93,-96,-99,-117,-104,-137,-110,-107,-119,-98,-103,-97,-69,-135,-100,-100,-100,-190,-100,-97,-75,-73,-73,-116,-82,-104,-77,-295,-96,-182,-191,-168,0,-114,0,-278,-243,-318,-313,-552,-501,-849,-607,-576,-508,-544,-516,-607,-564,-558,-447,-427,-384,-386,-373,-376,-357,-398,-379,-644,-618,-604,-581,-792,-732,-861,-843,-1306,-1301,-1824,-1181,-4189,-4969,-29984,-29984,-29987,-29988,-29989,-29988,-29987,-29986]} 1. c4 e5 2. g3 Nc6 3. Bg2 Bc5 4. Nc3 d6 5. e3 a6 6. b3 {A25: English Opening vs King's Indian with ...Nc6 but without early d3} (6. Nf3 Nf6 7. O-O O-O 8. h3 Ba7 9. d4 h6 10. dxe5 dxe5 11. Qxd8 Rxd8 12. b3 Be6 13. Ba3 Rd7 14. Rfd1 Rad8 15. Rxd7 Rxd7 {½-½ (41) Howell,D (2676)-Ponomariov,R (2694) Riadh 2017}) 6... Ba7 7. Bb2 Nf6 8. Nf3 $146 {The position is equal.} ({Predecessor:} 8. Nge2 h5 9. h3 Bf5 10. d3 Qd7 11. Qd2 O-O-O 12. a3 {1-0 (42) Khotenashvili,B (2445)-Kantane,A (2230) Riga 2017}) 8... O-O 9. O-O Re8 10. d3 h6 11. h3 Be6 12. Rc1 Qd7 13. Kh2 Rad8 14. Ne2 Nb4 15. Nc3 Nc6 16. Ne2 Nb4 17. d4 e4 (17... Bf5 $11 {keeps the balance.}) 18. Ne1 (18. d5 $16 exf3 19. dxe6 fxe6 20. Bxf3) 18... d5 $1 $11 {[%cal Rd5c4]} 19. Ba3 a5 20. Nf4 c6 $36 {[%mdl 2048] Black is more active.} 21. Qd2 Bb8 (21... Bf5 {keeps more tension.} 22. Bxb4 axb4 23. cxd5 cxd5 24. Nc2 g5) 22. Bxb4 axb4 23. cxd5 Nxd5 (23... Bxd5 $6 24. Nc2 $11) 24. Nxd5 Bxd5 25. Nc2 h5 26. h4 Qg4 27. Rh1 (27. Qxb4 $2 Qxh4+ 28. Kg1 Qg4 $19) 27... Qxh4+ $1 28. Kg1 Qg5 $1 29. Nxb4 g6 30. Qe1 (30. Nxd5 $15 Qxd5 31. Qb4) 30... Kg7 31. Rh4 Bd6 32. Bf1 (32. Nxd5 $17 cxd5 33. Qd2) 32... Re6 (32... Be6 $1 $19 33. Bc4 Bg4) 33. Rc2 Rf6 {...Rxf2! is the strong threat.} 34. Bg2 Ra8 35. Rb2 Re8 36. Re2 Ree6 37. Nc2 $2 {[#]} (37. Rb2 $17) 37... Rf5 $2 (37... Rf3 $1 $19 {[%cal Rf3g3][%mdl 512] has better winning chances. Strongly threatening ...Rxg3!} 38. Rh3 (38. Bxf3 $2 exf3 39. Rd2 f5 $19) 38... h4 $1 {[%mdl 512]} 39. gxh4 (39. Rxh4 $2 Rxg3 {[%mdl 64] Demolition} 40. fxg3 Bxg3 $19 {[%mdl 64] Double Attack}) 39... Qg4) 38. Rf4 {[#]} (38. Bh3 $17) 38... Re8 $1 $19 ({Don't take} 38... Bxf4 39. exf4 Qh6 40. Bh3 $15) 39. Rh4 Re6 (39... Qe7 $19 40. a3 Bxa3 41. Nxa3 Qxa3) 40. Rf4 $1 $17 Re8 (40... Qe7 $17 41. Bh3 Rxf4 42. exf4 f5) 41. Qc3 $2 {[%mdl 8192]} (41. Rh4 $1 $11 {and White stays safe.}) 41... Rh8 ({Weaker is} 41... Rxf4 42. exf4 Qg4 43. Bf3 $17) 42. Rh4 Qe7 43. Rh1 $2 (43. a3) 43... h4 $19 44. g4 (44. gxh4 $142 Rxh4 45. Rxh4 Qxh4 46. Ne1) 44... Rg5 45. Kf1 Rxg4 {aiming for ...Qf6.} 46. Bh3 Rg5 47. Ke1 Ra8 {Played: Qe7-f6} 0-1

[Event "1st Archibald 2019"]
[Site "Sochi"]
[Date "2019.05.17"]
[Round "7.10"]
[White "Solozhenkin, Evgeniy"]
[Black "Rakhmanov, Aleksandr"]
[Result "0-1"]
[WhiteElo "2441"]
[BlackElo "2629"]
[Annotator "TA"]
[PlyCount "62"]
[EventDate "2019.05.12"]
[EventType "swiss"]
[EventCountry "RUS"]
[SourceTitle "playchess.com"]
[Source "ChessBase"]
[SourceQuality "1"]

{[%evp 26,62,8,0,12,0,0,0,37,15,13,18,10,-10,-10,-10,-10,-18,-27,-43,-39,-82,-83,-76,-77,-82,-45,-134,-153,-183,-179,-229,-215,-226,-220,-231,-222,-240,-235]} 1. e4 g6 2. d4 Bg7 3. Nf3 d6 4. Be2 c5 5. O-O cxd4 6. Nxd4 Nf6 7. Nc3 O-O 8. Be3 Nc6 9. Nb3 Be6 10. f4 Na5 11. f5 Bc4 12. Bd3 Bxd3 13. cxd3 Nxb3 14. axb3 d5 {[#] Hoping for ...d4. B74: Sicilian Dragon: Classical System with 9 Nb3} (14... a6 15. Qf3 b5 16. Qh3 b4 17. Nd5 Nxd5 18. exd5 Bxb2 19. Rae1 Bf6 20. Bh6 Qb6+ 21. Kh1 Rfe8 22. fxg6 hxg6 {0-1 (33) Ciobanu,V (2222)-Bogdan,D (2367) Slanic Moldova 2011}) 15. Bd4 ({Wrong is} 15. Bxa7 $2 {[#]} Rxa7 $1 {[%mdl 512]} 16. Rxa7 Qb6+ 17. Kh1 Qxa7 $19) 15... dxe4 16. dxe4 Nd7 {The position is equal.} 17. Nd5 Bxd4+ 18. Qxd4 Nb6 $146 ({Predecessor:} 18... e6 19. fxe6 fxe6 20. Rxf8+ Nxf8 21. Nf6+ Kg7 22. Nd7+ {½-½ (30) Enigk,G-Pietzsch,W DDR 1961}) 19. f6 Nxd5 20. exd5 Re8 21. fxe7 Rxe7 22. d6 Rd7 23. Rfd1 a5 {[%cal Ba7a5,Ba5b4][%mdl 32]} 24. h3 Ra6 {[%cal Ra6d6]} 25. Qe4 Rc6 26. Kh1 (26. Rxa5 $15 Rcxd6 27. Rxd6 Rxd6 28. Rc5) 26... Rdxd6 $17 {Black is clearly better.} 27. Rxd6 Qxd6 ({Don't play} 27... Rxd6 28. Qxb7 Rd2 29. Rc1 $17) 28. b4 axb4 29. Rf1 Kg7 30. Qf3 Qf6 31. Qe2 Re6 {Accuracy: White = 15%, Black = 80%.} 0-1

[Event "1st Archibald 2019"]
[Site "Sochi"]
[Date "2019.05.17"]
[Round "7.11"]
[White "Yandarbiev, Ruslan"]
[Black "Lugovskoy, Maxim"]
[Result "1/2-1/2"]
[WhiteElo "2279"]
[BlackElo "2445"]
[Annotator "RC"]
[PlyCount "97"]
[EventDate "2019.05.12"]
[EventType "swiss"]
[EventCountry "RUS"]
[SourceTitle "playchess.com"]
[Source "ChessBase"]
[SourceQuality "1"]
[TimeControl "5400+30"]

1. e4 {[%emt 0:01:24]} e6 {[%emt 0:00:00]} 2. d4 {[%emt 0:00:25]} d5 {[%emt 0:00:00]} 3. Nc3 {[%emt 0:00:08]} Nf6 {[%emt 0:00:00]} 4. e5 {[%emt 0:00:39]} Nfd7 {[%emt 0:00:00]} 5. f4 {[%emt 0:00:07]} c5 {[%emt 0:00:00]} 6. Nf3 {[%emt 0:00:07]} Be7 {[%emt 0:00:12]} 7. Be3 {[%emt 0:00:25]} b6 {[%emt 0:00:00]} 8. Qd2 {[%emt 0:10:47]} O-O {[%emt 0:00:00]} 9. g3 {[%emt 0:03:30]} a5 {[%emt 0:01:34]} 10. Be2 {[%emt 0:03:11]} Ba6 {[%emt 0:00:45]} 11. O-O {[%emt 0:01:24]} Bxe2 {[%emt 0:00:46]} 12. Qxe2 {[%emt 0:00:23]} Nc6 {[%emt 0:00:30]} 13. Nb5 {[%emt 0:00:38]} Na7 {[%emt 0:02:18]} 14. Nxa7 {[%emt 0:05:32]} Rxa7 {[%emt 0:00:06]} 15. c4 {[%emt 0:00:35]} cxd4 {[%emt 0:05:29]} 16. Nxd4 {[%emt 0:00:20]} Nb8 {[%emt 0:01:18]} 17. cxd5 {[%emt 0:06:35]} Qxd5 {[%emt 0:01:32]} 18. Nb5 {[%emt 0:00:19]} Rd7 {[%emt 0:00:32]} 19. Rfd1 {[%emt 0:08:29]} Qc6 {[%emt 0:02:58]} 20. Rdc1 {[%emt 0:04:42]} Qb7 {[%emt 0:03:59]} 21. Qg2 {[%emt 0:01:29]} Qxg2+ {[%emt 0:00:50]} 22. Kxg2 {[%emt 0:00:08]} Na6 {[%emt 0:00:00]} 23. Rd1 {[%emt 0:05:55]} Rfd8 {[%emt 0:00:48]} 24. Rxd7 {[%emt 0:00:39]} Rxd7 {[%emt 0:00:03]} 25. Rc1 {[%emt 0:00:29]} g5 {[%emt 0:02:44]} 26. fxg5 {[%emt 0:05:25]} Kg7 {[%emt 0:04:26]} 27. h4 {[%emt 0:05:10]} Rd5 {[%emt 0:12:54]} 28. Nc3 {[%emt 0:06:17]} Rd3 {[%emt 0:00:57]} 29. Bf4 {[%emt 0:00:39]} Nc5 {[%emt 0:06:56]} 30. Rd1 {[%emt 0:05:18]} Kg6 {[%emt 0:00:43]} 31. g4 {[%emt 0:01:08]} b5 {[%emt 0:00:27]} 32. Rxd3 {[%emt 0:02:19]} Nxd3 {[%emt 0:00:35]} 33. Kf3 {[%emt 0:00:41]} b4 {[%emt 0:04:11]} 34. Na4 {[%emt 0:01:13]} h5 {[%emt 0:00:07]} 35. gxh6 {[%emt 0:00:20]} Bxh4 {[%emt 0:00:37]} 36. b3 {[%emt 0:01:50]} Be7 {[%emt 0:04:42]} 37. Nb6 {[%emt 0:00:41]} Bd8 {[%emt 0:05:09]} 38. Nc4 {[%emt 0:00:11]} Bc7 {[%emt 0:00:46]} 39. g5 {[%emt 0:02:44]} Nc5 {[%emt 0:01:13]} 40. Be3 {[%emt 0:00:54]} Nd7 {[%emt 0:00:01]} 41. Ke4 {[%emt 0:00:22]} Bd8 {[%emt 0:00:59]} 42. Nd2 {[%emt 0:01:39]} Nf8 {[%emt 0:00:47]} 43. Nf3 {[%emt 0:01:00]} Nh7 {[%emt 0:01:09]} 44. Nd4 {[%emt 0:02:24]} Nxg5+ {[%emt 0:02:35]} 45. Bxg5 {[%emt 0:00:30]} Bxg5 {[%emt 0:00:00]} 46. Nc6 {[%emt 0:00:09]} Bxh6 {[%emt 0:00:00]} 47. Nxa5 {[%emt 0:00:00]} Bf8 {[%emt 0:00:31]} 48. Nc6 {[%emt 0:01:40]} Bc5 {[%emt 0:01:45]} 49. Nd8 {[%emt 0:03:28]} 1/2-1/2

[Event "1st Archibald 2019"]
[Site "Sochi"]
[Date "2019.05.17"]
[Round "7.12"]
[White "Isanzhulov, Arystan"]
[Black "Eraschenkov, Denis"]
[Result "1-0"]
[WhiteElo "2254"]
[BlackElo "2391"]
[Annotator "TA"]
[PlyCount "89"]
[EventDate "2019.05.12"]
[EventType "swiss"]
[EventCountry "RUS"]
[SourceTitle "playchess.com"]
[Source "ChessBase"]
[SourceQuality "1"]

{[%evp 15,89,-15,-10,-6,-15,-58,-42,-79,-73,-76,-61,-69,-70,-68,-30,-153,-147,-143,-149,-153,-150,-135,-121,-123,-10,-20,-32,-209,-155,-149,-150,-160,-159,-205,-139,-152,-162,-152,-134,-173,-155,-150,-122,-122,-118,-166,-118,-200,-220,-259,-160,-249,-154,-165,-127,-134,-137,-138,-123,-139,-60,-110,0,-191,-191,-290,-200,-182,608,-145,448,443,29990,29991,29991,29992]} 1. e4 c5 2. Nf3 e6 3. Qe2 Nc6 4. d3 g6 5. g3 Bg7 6. Bg2 Nge7 7. O-O d6 8. c3 O-O 9. Rd1 {C00: French: Unusual White 2nd moves} e5 10. Nh4 $146 ({Predecessor:} 10. a3 b5 11. Be3 Qb6 12. b4 a5 13. Nbd2 axb4 14. axb4 Be6 15. Ng5 Ba2 16. Nf1 Bb3 {½-½ (42) Chigaev,M (2531)-Bilguun,S (2343) Khanty-Mansiysk 2015}) 10... Be6 11. f4 {Black is slightly better.} Qd7 12. Be3 b6 13. Nd2 d5 14. Ndf3 d4 15. Bf2 (15. cxd4 $11 {keeps the balance.} exd4 16. Bd2) 15... exf4 $17 16. gxf4 dxc3 17. bxc3 Bxc3 18. Rac1 Bg7 19. d4 Nxd4 (19... cxd4 $17 20. f5 gxf5 21. exf5 Nxf5 22. Nxf5 Bxf5 23. Rxc6 {[%mdl 64] Remove Defender, Decoy} Qxc6 24. Nxd4 {[%mdl 64] Pin} Qg6 25. Nxf5 Qxf5 26. Bxa8 Rxa8) 20. Nxd4 $11 cxd4 (20... Bxd4 $6 21. Bxd4 cxd4 22. f5 $1 $16 {[%mdl 512]}) 21. Nf3 $2 ({Only move:} 21. f5 $1 $15) 21... Rac8 22. Rxc8 Rxc8 23. Nxd4 Bg4 24. Nf3 Qc7 25. h3 Be6 26. Be3 Bc4 27. Qc2 b5 28. Qf2 Nc6 29. e5 Nb4 30. Nd4 Rd8 (30... Nxa2 31. Nxb5 Bxb5 32. Qxa2 $15) 31. Rd2 (31. a3 $17 Nd3 32. Qc2 Rxd4 {[%mdl 64] Deflection} 33. Bxd4 Nxf4 34. Kh1) 31... a6 $19 32. Qh4 Rc8 33. Nf3 (33. a3 $17 {was necessary.} Nd3 34. Nc6) 33... Bd5 34. Qf2 Ba8 35. Ng5 Bxg2 36. Qxg2 Qc3 37. Qe2 Qc6 (37... Qc4 $1 $17 38. Qf3 Rf8) 38. Qg2 Qc4 {[#]} ({Better is} 38... Qxg2+ $17 39. Kxg2 f6) 39. Kh2 $2 (39. e6 $1 $11 {[%mdl 512] and White is okay.} fxe6 40. Qb7) 39... Nc2 40. Qf2 (40. Qf3 $142) 40... Nxe3 41. Qxe3 Qf1 $4 {[%mdl 8192]} (41... Bf8 $19 42. Ne4 Bc5) 42. Rf2 $2 (42. e6 $18 h6 43. exf7+ Kh8 44. Qe8+ {[%mdl 64] Double Attack} Bf8 45. Ne6 (45. Qxc8 Qxf4+ 46. Kg1 Qxg5+ 47. Kf1 Kg7 $16)) 42... Qd1 $2 {[%mdl 8192]} (42... Qc1 $1 $17 {[%cal Rc1e3] stays on course.} 43. Qa7 Qc7 44. Qxc7 Rxc7) 43. e6 $1 $18 {[%cal Re6f7]} f6 ({Stronger than} 43... Bd4 44. exf7+ Kf8 45. Qe6 Bb6 46. Nxh7+ Kg7 {[#]} 47. Qe7 $1 {[%mdl 512]} Kh8 48. Nf6 $1 {[%mdl 512]} Qh1+ {[%mdl 64] Decoy} 49. Kxh1 Rc1+ 50. Kh2 Rh1+ 51. Kxh1 Bxf2 52. f8=Q#) (43... Qd8 $18 44. Rd2 (44. Nxf7 Qd4 $15) 44... Qc7) 44. e7 Qd7 45. Rd2 {Accuracy: White = 44%, Black = 24%.} 1-0

[Event "1st Archibald 2019"]
[Site "Sochi"]
[Date "2019.05.17"]
[Round "7.13"]
[White "Dashko, Andrey"]
[Black "Pogosian, Manvel"]
[Result "0-1"]
[WhiteElo "2211"]
[BlackElo "2388"]
[Annotator "TA"]
[PlyCount "81"]
[EventDate "2019.05.12"]
[EventType "swiss"]
[EventCountry "RUS"]
[SourceTitle "playchess.com"]
[Source "ChessBase"]
[SourceQuality "1"]

{[%evp 13,81,23,48,21,22,25,28,22,44,41,72,38,70,40,71,46,74,46,48,35,44,0,0,0,0,-56,-45,-67,-64,-135,-124,-176,-156,-154,-132,-147,-132,-144,-97,-143,-25,-124,-64,-255,-118,-214,-107,-86,-88,-51,-26,-54,0,0,0,0,0,-8,-23,-106,-101,-268,-281,-494,-453,-607,-593,-901,-901,-1219]} 1. e4 c6 2. Nc3 d5 3. Nf3 Bg4 4. h3 Bxf3 5. Qxf3 e6 6. d4 Nf6 7. Bd3 Be7 8. Be3 {B11: Caro-Kann: Two Knights Variation} (8. O-O dxe4 9. Nxe4 Qxd4 10. c3 Qd8 11. Rd1 Nbd7 12. Bc2 Qc7 13. Bf4 e5 14. Bg3 Nd5 15. Bb3 O-O 16. Bxd5 cxd5 17. Rxd5 {0-1 (34) Ducarmon,Q (2479)-Braun,A (2598) chess.com INT 2019}) 8... dxe4 9. Nxe4 Nbd7 10. O-O {White has an edge.} O-O 11. c4 a5 $146 ({Predecessor:} 11... Nxe4 12. Bxe4 {0-1 (31) Vergara Jofre,F (2244)-Slipak,S (2444) Villa Martelli 2017}) 12. Rfd1 a4 13. Rac1 a3 14. b3 (14. b4 {seems wilder.} Nxe4 15. Bxe4 Bxb4 16. d5 Qe7 17. dxc6 bxc6 18. Rxd7 Qxd7 19. Bxc6 Qd8 20. Bxa8 Qxa8 21. Qxa8 Rxa8 22. c5) 14... Qa5 15. Ng3 Rad8 16. Bf4 Rfe8 17. Re1 Bb4 18. Re2 e5 19. dxe5 (19. Bg5 $11) 19... Nxe5 $15 20. Bxe5 Rxe5 21. Nf5 (21. Rd1 $15 Rxe2 22. Nxe2) 21... g6 $17 22. Ne3 (22. Ng3 $17 Rxe2 23. Qxe2) 22... Rxd3 $19 23. Qxf6 {Strongly threatening Ng4.} Be7 24. Qf3 Bd6 25. Kf1 Bc5 26. Rce1 f5 (26... Qd8 $17 27. Qf4 Qd6) 27. Qf4 (27. Rd1 $1 $11 Qc3 28. Rxd3 Qxd3 29. Nc2 Qxf3 30. gxf3 Rxe2 31. Kxe2) 27... Bd6 ({Black should try} 27... Bb4 $17 {And now ...Re4 would win.} 28. Rc1 Bd2) 28. Qh4 $2 ({White should play} 28. Qf3 $15) 28... Be7 (28... Bb4 $19 {has better winning chances.} 29. Ng4 (29. Nd5 Rxe2 30. Nf6+ Kf7 $17) 29... Rxe2 30. Nf6+ Kg7 31. Qxh7+ Kxf6 32. Qh8+ Ke7 33. Rxe2+ Kd7 34. Qh7+ Kc8 35. Re8+ Rd8 36. Qxg6 Kb8) 29. Qh6 (29. Qf4 $17 {might work better.}) 29... Bf8 (29... Bb4 $19 30. Ng4 Rxe2 31. Nf6+ Kf7 $1 {[%mdl 512]} 32. Qxh7+ Kxf6 33. Qh8+ Ke7 34. Rxe2+ Kd7 35. Qg7+ Kc8 36. Re8+ Rd8 37. Qxg6 Kb8) 30. Qf4 $17 Re4 31. Qb8 Qb6 {...Rd8 is the strong threat.} 32. c5 Qxc5 (32... Qb5 $1 $15) 33. Qxb7 $11 Rd8 34. Ng4 {White threatens Nf6+! and mate.} Bg7 {aiming for ...Rxe2.} 35. Rxe4 fxe4 36. Qc7 {[#]} (36. Ne3 $1 $11) 36... Rf8 $1 $17 {Hoping for ...Qc2.} 37. Qd7 $2 {[#]} (37. Ne3 $17 {was the only chance.}) 37... Qc2 $1 $19 {[%cal Rc2a2]} 38. Qe6+ $2 (38. Qd1 Qxa2 39. Re2) 38... Kh8 {Black is clearly winning.} 39. Qxe4 Qxa2 40. Qb4 Qb2 41. Qb7 {Accuracy: White = 12%, Black = 45%.} 0-1